Developed Countries 2010 Quiz Stats

 Plays Quiz not verified by Sporcle

Score 0/42 Timer 06:00
0 Plays Today
Rank Country % Correct
#4United States
98.3%
#26United Kingdom
96.4%
#9Sweden
96.3%
#1Norway
96.1%
#11Japan
96%
#8Canada
95.9%
#16Finland
94.9%
#20Spain
94.4%
#2Australia
92.9%
#10Germany
92.8%
#19Denmark
92.3%
#3New Zealand
91.7%
#14France
91.6%
#40Portugal
91.6%
#7Netherlands
91.1%
#5Ireland
90.5%
#12South Korea
90.3%
#23Italy
90.3%
#18Belgium
89.6%
#25Austria
89.6%
#13Switzerland
88.5%
Rank Country % Correct
#17Iceland
88%
#22Greece
87.9%
#24Luxembourg
87.7%
#41Poland
87.7%
#28Czech Republic
85.2%
#6Liechtenstein
80.2%
#31Slovakia
80%
#36Hungary
79.2%
#30Andorra
78.6%
#27Singapore
78.4%
#15Israel
77.9%
#29Slovenia
77.4%
#32United Arab Emirates
77.2%
#34Estonia
71.8%
#33Malta
68%
#38Qatar
67.8%
#21Hong Kong
67.1%
#35Cyprus
63.4%
#39Bahrain
61.5%
#37Brunei
42.3%
#42Barbados
36.9%

You're not logged in!

Compare scores with friends on all Sporcle quizzes.
OR
Log In

Show Comments

Extras

Top Quizzes Today


Score Distribution

Your Account Isn't Verified!

In order to create a playlist on Sporcle, you need to verify the email address you used during registration. Go to your Sporcle Settings to finish the process.

Report this User

Report this user for behavior that violates our Community Guidelines.

Details: